Deutsche geographische Dreiergruppen - Statistiken

Allgemein
  • Dieses Quiz wurde 221 mal gespielt
  • Das Durchschnittsergebnis liegt bei 12 aus 24
Antwortstatistiken
Hint Antwort % Korrekt
Bundesländer, die an Baden-Württemberg grenzen Bayern
99%
Bundesländer, die an Baden-Württemberg grenzen Hessen
98%
Großstädte Sachsens Dresden
97%
Großstädte Sachsens Leipzig
97%
Bundesländer, die an Baden-Württemberg grenzen Rheinland-Pfalz
97%
Großstädte Sachsens Chemnitz
74%
Großstädte mit "berg" im Namen Nürnberg
72%
Städte am Bodensee mit über 30.000 Einwohnern Konstanz
71%
Vollständig innerdeutsche Flüsse mit mehr als 400 km Länge Main
71%
Vollständig innerdeutsche Flüsse mit mehr als 400 km Länge Weser
68%
Mittelgebirge mit mehr als 1200 Metern Höhe Schwarzwald
60%
Großstädte mit "berg" im Namen Heidelberg
55%
Städte am Bodensee mit über 30.000 Einwohnern Friedrichshafen
45%
Mittelgebirge mit mehr als 1200 Metern Höhe Erzgebirge
43%
Mittelgebirge mit mehr als 1200 Metern Höhe Bayrischer Wald
33%
Vollständig innerdeutsche Flüsse mit mehr als 400 km Länge Saale
28%
Nachbarkreise Dortmunds (keine kreisfreien Städte) Unna
26%
Nachbarkreise Dortmunds (keine kreisfreien Städte) Recklinghausen
13%
Großstädte mit "berg" im Namen Bergisch Gladbach
11%
Nachbarkreise Dortmunds (keine kreisfreien Städte) Ennepe-Ruhr
10%
Kommunalverbände besonderer Art Städteregion Aachen
9%
Kommunalverbände besonderer Art Region Hannover
8%
Städte am Bodensee mit über 30.000 Einwohnern Radolfzell
7%
Kommunalverbände besonderer Art Regionalverband Saarbrücken
4%
Keine übereinstimmenden Quizze gefunden
Verteilung der Resultate
Anzahl Personen mit jedem Resultat
Perzentil nach korrekt beantworteten Fragen
Ihre Resultats-Entwicklung
Sie haben dieses Quiz noch nicht gespielt